000 00761cam a2200229 4500
005 20170330142618.0
008 1994 mx spa
020 _a9688591327
050 4 _aGR115
_bI54 1994
050 0 4 _aGT4814.S25
_bI54 1994
100 1 _aInestrosa, Sergio
245 0 _aVivir la fiesta : un desenfreno multimediado /
_cSergio Inestrosa.
250 _a1a ed.
260 _aMéxico :
_bUniversidad Iberoamericana,
_c1994
300 _a124 p. ;
_c21 cm.
490 _aEstudios de Comunicación y Practicas Sociales ;
_v1
500 _a1 ejemplar
505 _aProyecto FOMES 1999
650 4 _aFestivales
_xMexico
_xSan Andres Totoltepec
651 4 _aSan Andrés Totoltepec (México)
_xVida y costumbres religiosas
942 _2lcc
_cLIB
999 _c64248
_d64248